| 000 | 00963nam a22003137a 4500 | ||
|---|---|---|---|
| 001 | 0009175 | ||
| 003 | KOHA_MİRAKIL | ||
| 005 | 20260207001701.0 | ||
| 007 | ta | ||
| 008 | 091120b2008 tu |||gr||||#||||0|tur | | ||
| 020 |
_a9789756381410 _c7,8 |
||
| 040 |
_aTR-BiSEU _btur _cTR-BiSEU _erda |
||
| 041 | 0 | _atur | |
| 044 | _ctu | ||
| 050 |
_aHB501 _b.F75 2008 |
||
| 100 | 1 | _aFriedman, Milton. | |
| 240 | 1 | 0 |
_acapitalism and freedom _lTürkçe |
| 245 | 1 |
_aKapitalizm ve özgürlük = _bcapitalism and freedom/ _cMilton Friedman ; Milton Friedman; çevirenler Doğan Erberk, Nilgün Himmetoğlu. |
|
| 264 | 1 |
_aİstanbul : _bPlato Film Yayınları _c2008 |
|
| 300 | _a274 sayfa | ||
| 336 |
_ametin _btxt _2rdacontent |
||
| 337 |
_aaracısız _bn _2rdamedia |
||
| 338 |
_acilt _bnc _2rdacarrier |
||
| 650 | 0 |
_aDevlet. _98800 |
|
| 650 | 0 |
_aKapitalizm. _94771 |
|
| 650 | 0 |
_aÖzgürlük. _918802 |
|
| 650 | 0 |
_aABD--Ekonomik politika. _922868 |
|
| 942 |
_2lcc _cBK |
||
| 999 |
_c9147 _d9147 |
||